LDR 01079naa#a2200193#i#450# 001 RU\\bibl\126635 005 20260703225504.5 011 ## _a2587-6740 100 ## _a20260615b2026####ek#y0rusy0150####ca 102 ## _aRU 200 1# _aМетодические подходы к обоснованию и выявлению специфических показателей комплексного диагностирования устойчивого развития АПК (на примере Северо-Кавказского федерального округа) _eЖурнальная статья 210 1# _aМосква _cЭлектронная наука _d2026 215 ## _a4 с. 608 ## _aЖурнальная статья _2local 675 ## _aЭкономика сельского хозяйства. Продовольственный комплекс. 338.43 _z 700 #1 _aМагомадов _gАнди Султанович 700 #1 _aТорчинова _gОксана Владимировна 700 #1 _aОказова _gЗарина Петровна 856 4# _aqje.su _u